000 00625nam a22002057a 4500
999 _c10686
_d10686
003 AR-CdUCM
008 190401b ||||| |||| 00| 0 spa d
040 _aMUNICIPALIDAD PROVINCIAL DEL CUSCO
_cBIBLIOTECA MUNICIPAL DEL CUSCO
082 _a869.62 /
_bP19H / 1927
100 _aPalacio, Pablo
_916645
245 _aUn hombre muerto a puntapies :
_bCuentos /
260 _aQuito :
_bUniversidad Central,
_c1927.
300 _a139 páginas ;
_c17 cm.
505 _aContenido: Cuento.
650 _aLiteratura Ecuatoriana
_911889
650 _aCuento
_94671
650 _aSiglo XX
_98
942 _2ddc
_cLIBROS
945 _aachl